000 00444cam a2200157 4500500
005 20260111102021.0
041 _afre
042 _adc
100 1 0 _aPuyuelo, Rémy
_eauthor
700 1 0 _aTurrel, Denis
_eauthor
245 0 0 _aIntroduction
260 _c2005.
500 _a79
786 0 _nEmpan | 59 | 3 | 2005-09-01 | p. 10-11 | 1152-3336
856 4 1 _uhttps://shs.cairn.info/revue-empan-2005-3-page-10?lang=fr&redirect-ssocas=7080
999 _c1629789
_d1629789